zpět

Detail výsledku týmu

Knihovna Assen, Ostrava

Datum a čas kvízu

30.5 Celkem bodů Celkový počet nahraných bodů na tomto kvízu bez doplňovacích otázek.
4. Pořadí na kvízu Konečné umístění týmu na tomto kvízu.

Zaznamenané odpovědi

# Otázka Odpověď Body Výsledky
1. Manželka známého zločince se s... 1
2. Ponorka, která byla nalezena p... 1
3. Tři ženy v galerii mezinárodní... 0
4. Řada čínských e-shopů stáhla z... 0
5. Jak se jmenuje český útočník,... 1
6. Nedávno jsme zde probírali tém... 1
5. Ledviny slouží k odstranění ne... 0
5. Kterým českým výrazem je pojme... 1
5. Špatné fungování tohoto orgánu... 1
5. Která z těchto částí trávicí s... 1